Stenografická správa o 20. schôdzi Národnej rady Slovenskej republiky konanej 23., 24., 25. júna, 6., 7., 8., 9., 12., 13., 14., 15. a 19. júla 1993 10. volebné obdobie
Saved in:
| Format: | Book |
|---|---|
| Language: | Slovak |
| Published: |
Bratislava
Národná rada SR
1993
|
| Edition: | 1. vyd. |
| Subjects: | |
| Tags: |
No Tags, Be the first to tag this record!
|
MARC
| LEADER | 00000nam a2200000 4500 | ||
|---|---|---|---|
| 001 | c012801 | ||
| 005 | 20221214083744.7 | ||
| 041 | 0 | |a slo | |
| 044 | |a SK | ||
| 245 | 1 | 0 | |a Stenografická správa o 20. schôdzi Národnej rady Slovenskej republiky konanej 23., 24., 25. júna, 6., 7., 8., 9., 12., 13., 14., 15. a 19. júla 1993 |b 10. volebné obdobie |
| 250 | |a 1. vyd. | ||
| 264 | 1 | |a Bratislava |b Národná rada SR |c 1993 | |
| 300 | |a S.304-631 | ||
| 610 | 2 | 0 | |a parlamenty |
| 610 | 2 | 0 | |a Slovensko |
| 610 | 2 | 0 | |a jún |
| 610 | 2 | 0 | |a júl |
| 610 | 2 | 0 | |a 1993 |
| 610 | 2 | 0 | |a dokumenty |
| 610 | 2 | 0 | |a schôdze |
| 610 | 2 | 0 | |a NR SR Bratislava |
| 610 | 2 | 0 | |a zákony |
| 610 | 2 | 0 | |a právo trestné |
| 610 | 2 | 0 | |a kriminalita |
| 610 | 2 | 0 | |a pohľadávky |
| 610 | 2 | 0 | |a podnikatelia |